| 000 | 00350nam a2200133Ia 4500 | ||
|---|---|---|---|
| 005 | 20260328101531.0 | ||
| 008 | 260328s9999||||xx |||||||||||||| ||und|| | ||
| 100 | _aGonzález Lobo, Carlos | ||
| 245 | 0 |
_aEspacio Máximo Costo Minimo / _cCarlos González Lobo |
|
| 260 | _bUIA | ||
| 300 | _a20 p. | ||
| 650 | _aVIVIENDA DE INTERÉS SOCIAL | ||
| 942 | _cBK | ||
| 999 |
_c9968 _d9968 |
||